[Event "POL-chT 2nd League"]
[Site "Jastrzebia Gora"]
[Date "2015.09.12"]
[Round "8.102"]
[White "Pyzewska, Ewelina"]
[Black "Botor, Michalina"]
[Result "0-1"]
[WhiteElo "1316"]
[BlackElo "1813"]
[PlyCount "62"]
[EventDate "2015.09.05"]
[EventType "team-swiss"]
[EventRounds "9"]
[EventCountry "POL"]
[SourceTitle "EXT 2017"]
[Source "ChessBase"]
[SourceDate "2016.10.25"]
[SourceVersion "1"]
[SourceVersionDate "2016.10.25"]
[SourceQuality "1"]
[WhiteTeam "Swiecie Gambit"]
[BlackTeam "Mikolow AKS"]
[WhiteTeamCountry "POL"]
[BlackTeamCountry "POL"]

1. e4 c6 2. d4 d5 3. e5 Bf5 4. Nf3 e6 5. Bg5 Be7 6. Be3 Nd7 7. Nbd2 Rc8 8. Be2 a6 9. 0-0 c5 10. c3 Bg6 11. Qb3 Qb6 12. Qxb6 Nxb6 13. Rfc1 c4 14. b3 Ba3 15. Re1 Bb2 16. Rac1 Bxc1 17. Rxc1 Ne7 18. Nh4 Nf5 19. Nxg6 hxg6 20. Bf4 0-0 21. Nb1 Rc7 22. b4 Na4 23. Bd1 Nb2 24. Bc2 b5 25. Nd2 Ra8 26. Rb1 Nd3 27. Bxd3 cxd3 28. Rd1 Rxc3 29. Nb1 Rc2 30. Rxd3 Rac8 31. Rd1 Nxd4 0-1

[Event "POL-chT 2nd League"]
[Site "Jastrzebia Gora"]
[Date "2015.09.11"]
[Round "7.96"]
[White "Botor, Michalina"]
[Black "Burakowska, Gabriela"]
[Result "1/2-1/2"]
[WhiteElo "1813"]
[BlackElo "1783"]
[PlyCount "147"]
[EventDate "2015.09.05"]
[EventType "team-swiss"]
[EventRounds "9"]
[EventCountry "POL"]
[SourceTitle "EXT 2017"]
[Source "ChessBase"]
[SourceDate "2016.10.25"]
[SourceVersion "1"]
[SourceVersionDate "2016.10.25"]
[SourceQuality "1"]
[WhiteTeam "Mikolow AKS"]
[BlackTeam "Bialystok MUKS Stoczek 45"]
[WhiteTeamCountry "POL"]
[BlackTeamCountry "POL"]

1. c4 c5 2. Nc3 b6 3. Nf3 Bb7 4. e3 e6 5. d4 cxd4 6. exd4 Nf6 7. Be2 Be7 8. 0-0 0-0 9. Bg5 d5 10. cxd5 Nxd5 11. Bxe7 Qxe7 12. Bc4 Nxc3 13. bxc3 Rc8 14. Qd3 Nd7 15. Bb3 Nf6 16. Rfe1 a5 17. a4 Rd8 18. Ne5 Rac8 19. Re3 Nd5 20. Rh3 h6 21. Bc2 f5 22. Qd2 Qg5 23. Qxg5 hxg5 24. Bb3 Nf4 25. Re3 Rd6 26. g3 Nh3+ 27. Kf1 f4 28. gxf4 Nxf4 29. Rae1 Ng2 30. Rg3 Nf4 31. Ree3 Ba6+ 32. Ke1 b5 33. axb5 Bxb5 34. Rxg5 a4 35. Ba2 Be8 36. Reg3 Rc7 37. Nc4 Ra6 38. Kd2 Bc6 39. Rc5 Rb7 40. Rg4 Nd5 41. Kc2 a3 42. Rg3 Ba4+ 43. Kc1 Rc7 44. Rxc7 Nxc7 45. Nxa3 Bc6 46. c4 Ra8 47. Kd2 Rd8 48. Kc3 Rf8 49. f3 Bxf3 50. Nb5 Na6 51. c5 Bd5 52. Bxd5 exd5 53. Kb3 Rc8 54. Nd6 Nxc5+ 55. dxc5 Rxc5 56. Nf5 Rc7 57. Rd3 g6 58. Nd4 Rh7 59. Rd2 Rh4 60. Nc2 Kg7 61. Nb4 Rh3+ 62. Kc2 d4 63. Nd5 g5 64. Kd1 Kg6 65. Ne7+ Kf6 66. Nc6 d3 67. Nb4 g4 68. Rg2 Kf5 69. Kd2 g3 70. hxg3 Kg4 71. Nxd3 Rxg3 72. Re2 Kh4 73. Rf2 Kg5 74. Ke2 1/2-1/2

[Event "POL-chT 2nd League"]
[Site "Jastrzebia Gora"]
[Date "2015.09.10"]
[Round "6.108"]
[White "Botor, Michalina"]
[Black "Baranska, Monika"]
[Result "1-0"]
[WhiteElo "1813"]
[BlackElo "1686"]
[PlyCount "109"]
[EventDate "2015.09.05"]
[EventType "team-swiss"]
[EventRounds "9"]
[EventCountry "POL"]
[SourceTitle "EXT 2017"]
[Source "ChessBase"]
[SourceDate "2016.10.25"]
[SourceVersion "1"]
[SourceVersionDate "2016.10.25"]
[SourceQuality "1"]
[WhiteTeam "Mikolow AKS"]
[BlackTeam "Warszawa Skoczek Trojanski"]
[WhiteTeamCountry "POL"]
[BlackTeamCountry "POL"]

1. c4 e6 2. d4 d5 3. Nc3 c6 4. cxd5 exd5 5. Qc2 Bd6 6. Nf3 Ne7 7. Bg5 Qc7 8. e3 Bf5 9. Bd3 Bxd3 10. Qxd3 h6 11. Bh4 Ng6 12. Bg3 Bxg3 13. hxg3 Nd7 14. Rc1 Qd6 15. 0-0 0-0 16. e4 dxe4 17. Nxe4 Qd5 18. Nc3 Qa5 19. d5 cxd5 20. Qxd5 Qxd5 21. Nxd5 Rac8 22. Nh4 Rxc1 23. Rxc1 Nxh4 24. gxh4 Nf6 25. Nxf6+ gxf6 26. Rc7 Rb8 27. Kh2 a5 28. Rc5 b5 29. b3 Rb6 30. Kg3 Kg7 31. a4 bxa4 32. bxa4 Ra6 33. Kf4 Kg6 34. h5+ Kg7 35. g4 Kf8 36. f3 Ke7 37. Rf5 Ke6 38. Ke4 Ke7 39. Kd4 Kf8 40. Kc4 Kg7 41. Kb5 Ra8 42. Kb6 Rb8+ 43. Kxa5 Rb3 44. Ka6 Rb4 45. a5 Rb3 46. Ka7 Rb4 47. a6 Rb3 48. Ka8 Rb6 49. a7 Rb3 50. Rf4 Rb1 51. Rc4 Rb3 52. f4 Rb1 53. f5 Rb2 54. Rc7 Rb1 55. Rb7 1-0

[Event "UKR-POL U26"]
[Site "Lvov"]
[Date "2013.09.28"]
[Round "5"]
[White "Botor, Michalina"]
[Black "Goroshkova, Liudmila"]
[Result "0-1"]
[WhiteElo "1737"]
[BlackElo "1991"]
[PlyCount "62"]
[EventDate "2013.09.26"]
[EventType "team-swiss"]
[EventRounds "5"]
[EventCountry "UKR"]
[SourceTitle "CBM 156 Extra"]
[Source "ChessBase"]
[SourceDate "2013.10.22"]
[SourceVersion "1"]
[SourceVersionDate "2013.10.22"]
[SourceQuality "1"]
[WhiteTeam "Katowice Silesia Univ"]
[BlackTeam "Odessa Civil Engineering"]
[WhiteTeamCountry "POL"]
[BlackTeamCountry "UKR"]

1. c4 Nf6 2. Nc3 e6 3. Nf3 d5 4. cxd5 exd5 5. d4 Be7 6. Bg5 0-0 7. e3 Re8 8. Bd3 Nbd7 9. 0-0 c6 10. Rb1 Ne4 11. Bxe4 Bxg5 12. Nxg5 Qxg5 13. Bd3 Nf6 14. Qf3 Bg4 15. Qf4 Qxf4 16. exf4 Nh5 17. g3 Bf3 18. Rfe1 Nf6 19. Be2 Bxe2 20. Rxe2 Rxe2 21. Nxe2 Re8 22. Nc3 Ne4 23. Re1 Kf8 24. Kg2 Nxc3 25. Rxe8+ Kxe8 26. bxc3 Ke7 27. f5 f6 28. Kf3 Kd6 29. Kg4 c5 30. Kh5 c4 31. h4 b5 0-1

[Event "UKR-POL U26"]
[Site "Lvov"]
[Date "2013.09.28"]
[Round "4"]
[White "Krasiuk, Kateryna"]
[Black "Botor, Michalina"]
[Result "1/2-1/2"]
[WhiteElo "2170"]
[BlackElo "1737"]
[PlyCount "85"]
[EventDate "2013.09.26"]
[EventType "team-swiss"]
[EventRounds "5"]
[EventCountry "UKR"]
[SourceTitle "CBM 156 Extra"]
[Source "ChessBase"]
[SourceDate "2013.10.22"]
[SourceVersion "1"]
[SourceVersionDate "2013.10.22"]
[SourceQuality "1"]
[WhiteTeam "Donetsk Univ"]
[BlackTeam "Katowice Silesia Univ"]
[WhiteTeamCountry "UKR"]
[BlackTeamCountry "POL"]

1. e4 e6 2. d3 d5 3. Nd2 Nf6 4. g3 c5 5. Bg2 Nc6 6. Ngf3 g6 7. 0-0 Bg7 8. c3 dxe4 9. dxe4 0-0 10. Qc2 Qc7 11. Nc4 Nd7 12. Rd1 Nb6 13. Nxb6 axb6 14. Be3 Bd7 15. Rd2 Rfd8 16. a3 Na5 17. Bf1 b5 18. Rad1 Nc4 19. Bxc4 bxc4 20. Bxc5 Qxc5 21. Rxd7 Rxd7 22. Rxd7 Qb5 23. Qd2 Bh6 24. Rd8+ Rxd8 25. Qxd8+ Kg7 26. Qd4+ Kg8 27. Ne5 Qxb2 28. Nxc4 Qc1+ 29. Kg2 Bf8 30. a4 Qa1 31. Ne5 Qe1 32. Nf3 Qa1 33. Qd7 Qxc3 34. Qxb7 h6 35. Qa8 Kg7 36. Qd8 Bc5 37. a5 Qc2 38. Nd2 Qa4 39. Qc7 Qd4 40. Qf4 e5 41. Qe3 Qb4 42. Qd3 Qxa5 43. Qd5 1/2-1/2

[Event "Rewal op-B 15th"]
[Site "Rewal"]
[Date "2010.08.27"]
[Round "8"]
[White "Botor, Michalina"]
[Black "Krolak, Dominika"]
[Result "1/2-1/2"]
[WhiteElo "1773"]
[BlackElo "1443"]
[PlyCount "43"]
[EventDate "2010.08.18"]
[EventType "swiss"]
[EventRounds "9"]
[EventCountry "POL"]
[SourceTitle "EXT 2014"]
[Source "ChessBase"]
[SourceDate "2013.11.20"]
[SourceVersion "1"]
[SourceVersionDate "2013.11.20"]
[SourceQuality "1"]

1. c4 c5 2. Nc3 Nc6 3. g3 Nf6 4. Bg2 d6 5. d3 e6 6. e4 Be7 7. Nge2 0-0 8. 0-0 h6 9. Rb1 Nh7 10. f4 Bd7 11. Be3 Qc8 12. Qd2 f5 13. Kh1 e5 14. a3 fxe4 15. Nxe4 Bf5 16. N2c3 Nf6 17. Nxf6+ Bxf6 18. Ne4 Qd7 19. Rf2 Bh3 20. Bf3 Rad8 21. Rg1 exf4 22. gxf4 1/2-1/2

[Event "Rewal op-B 15th"]
[Site "Rewal"]
[Date "2010.08.26"]
[Round "7"]
[White "Najdzionek, Boleslaw"]
[Black "Botor, Michalina"]
[Result "1-0"]
[WhiteElo "1902"]
[BlackElo "1773"]
[PlyCount "93"]
[EventDate "2010.08.18"]
[EventType "swiss"]
[EventRounds "9"]
[EventCountry "POL"]
[SourceTitle "EXT 2014"]
[Source "ChessBase"]
[SourceDate "2013.11.20"]
[SourceVersion "1"]
[SourceVersionDate "2013.11.20"]
[SourceQuality "1"]

1. d4 d5 2. c4 c6 3. Nf3 Bf5 4. Nc3 Nf6 5. e3 e6 6. Be2 Bd6 7. Ne5 Nbd7 8. f4 Ne4 9. 0-0 Qe7 10. c5 Bxe5 11. fxe5 0-0-0 12. Bd3 f6 13. Bxe4 Bxe4 14. Nxe4 dxe4 15. exf6 gxf6 16. Qh5 Rdg8 17. Qh4 Rg6 18. Rf2 Rhg8 19. Qxe4 f5 20. Qf3 Nf6 21. Bd2 Ne4 22. Re2 Qg7 23. Be1 Ng5 24. Qf1 Ne4 25. Bc3 Qh6 26. d5 cxd5 27. Be5 Qh5 28. Bf4 Ng5 29. Bg3 Ne4 30. Bf4 Ng5 31. Rc2 Rh6 32. Kf2 Qh4+ 33. Ke2 Rhg6 34. c6 Ne4 35. cxb7+ Kxb7 36. Kd1 Qg4+ 37. Kc1 R6g7 38. Qb5+ Ka8 39. Bc7 Nd6 40. Bxd6 Qh4 41. Bg3 Qe4 42. Qc5 Qd3 43. b3 Rd8 44. Kb2 Rb7 45. Rac1 a6 46. Qa5 Qb5 47. Rc8+ 1-0

[Event "Rewal op-B 14th"]
[Site "Rewal"]
[Date "2009.08.29"]
[Round "9"]
[White "Gorol, Jacek"]
[Black "Botor, Michalina"]
[Result "1/2-1/2"]
[WhiteElo "1639"]
[BlackElo "1815"]
[PlyCount "102"]
[EventDate "2009.08.20"]
[EventType "swiss"]
[EventRounds "9"]
[EventCountry "POL"]
[SourceTitle "EXT 2011"]
[Source "ChessBase"]
[SourceDate "2010.11.26"]
[SourceVersion "1"]
[SourceVersionDate "2010.11.26"]
[SourceQuality "1"]

1. c4 c5 2. Nc3 Nc6 3. g3 d6 4. Bg2 g6 5. Nf3 Bg7 6. 0-0 e5 7. e4 Nge7 8. d3 0-0 9. Nh4 f5 10. exf5 Nxf5 11. Nxf5 Bxf5 12. a3 Qd7 13. Be3 Bh3 14. Nd5 Bxg2 15. Kxg2 Ne7 16. Nc3 Nf5 17. Qd2 Rae8 18. f3 h5 19. h4 Kh7 20. Ne4 Nxe3+ 21. Qxe3 Bh6 22. Ng5+ Bxg5 23. Qxg5 Qa4 24. Qe3 Kg7 25. Rac1 b5 26. cxb5 Qxb5 27. b4 cxb4 28. Rc7+ Rf7 29. Qxa7 Ref8 30. axb4 Qxb4 31. Rf2 Qb3 32. Rxf7+ Rxf7 33. Qa6 Qd5 34. Qa3 Kh6 35. Qc1+ Kg7 36. Qe3 Rc7 37. Rd2 Qb3 38. Qf2 Rc3 39. Rb2 Qf7 40. d4 Kh7 41. dxe5 dxe5 42. Qe2 Qc7 43. Qe4 Qc6 44. Qxe5 Qxf3+ 45. Kh2 Re3 46. Qc7+ Kh6 47. Rg2 Re2 48. Qc1+ Kh7 49. Qc7+ Kh6 50. Rxe2 Qxe2+ 51. Kg1 Qe3+ 1/2-1/2

[Event "Rewal op-B 14th"]
[Site "Rewal"]
[Date "2009.08.20"]
[Round "1"]
[White "Milanowski, Jan"]
[Black "Botor, Michalina"]
[Result "1-0"]
[WhiteElo "2109"]
[BlackElo "1815"]
[PlyCount "71"]
[EventDate "2009.08.20"]
[EventType "swiss"]
[EventRounds "9"]
[EventCountry "POL"]
[SourceTitle "EXT 2011"]
[Source "ChessBase"]
[SourceDate "2010.11.26"]
[SourceVersion "1"]
[SourceVersionDate "2010.11.26"]
[SourceQuality "1"]

1. d4 d5 2. Nf3 Bf5 3. Bf4 e6 4. Nbd2 Bd6 5. Bg3 Nd7 6. e3 Ne7 7. Nh4 Nf6 8. Nxf5 Nxf5 9. Bxd6 Nxd6 10. Bd3 Rc8 11. 0-0 c5 12. c3 0-0 13. Re1 Qb6 14. Qb1 cxd4 15. exd4 Nc4 16. Nxc4 dxc4 17. Bf1 Qd6 18. a4 Rfe8 19. Qc2 Qf4 20. g3 Qd6 21. Rad1 a6 22. a5 Red8 23. Qa4 Qc7 24. Re5 Rd5 25. Rde1 h6 26. Bg2 Rd7 27. Rc5 Qd8 28. Qxc4 Rxc5 29. Qxc5 Nd5 30. Re5 Rc7 31. Qa3 Rd7 32. Qa4 Rd6 33. h3 b5 34. axb6 Rxb6 35. Bxd5 exd5 36. Re8+ 1-0

[Event "POL-ch U18 Girls"]
[Site "Leba"]
[Date "2008.04.03"]
[Round "8"]
[White "Botor, Michalina"]
[Black "Makosa, Sylwia"]
[Result "1-0"]
[WhiteElo "1819"]
[BlackElo "1845"]
[PlyCount "77"]
[EventDate "2008.03.29"]
[EventType "swiss"]
[EventRounds "11"]
[EventCountry "POL"]
[SourceTitle "CBM 123 Extra"]
[Source "ChessBase"]
[SourceDate "2008.05.06"]
[SourceVersion "1"]
[SourceVersionDate "2008.05.06"]
[SourceQuality "1"]

1. c4 Nf6 2. Nc3 g6 3. d4 d5 4. cxd5 Nxd5 5. e4 Nxc3 6. bxc3 Bg7 7. Bb5+ Bd7 8. Be2 0-0 9. Nf3 c5 10. 0-0 cxd4 11. cxd4 Nc6 12. Rb1 b6 13. Be3 e5 14. d5 Ne7 15. Bc4 Kh8 16. Bg5 Qe8 17. Nd2 f6 18. Bh4 f5 19. f3 Nc8 20. Bd3 Nd6 21. Rc1 Ba4 22. Qe2 Nb5 23. Nb3 Bh6 24. Rc6 Nd4 25. Nxd4 exd4 26. Re6 Qc8 27. Bf6+ Rxf6 28. Rxf6 Qd8 29. Re6 Be3+ 30. Kh1 Bd7 31. Rd6 Qc7 32. e5 Rc8 33. g3 Ba4 34. Bb5 Bxb5 35. Qxb5 Qc2 36. Rc6 Rxc6 37. dxc6 d3 38. c7 d2 39. Qe8+ 1-0

[Event "POL-ch U18 Girls"]
[Site "Leba"]
[Date "2008.04.02"]
[Round "7"]
[White "Mierska, Agnieszka"]
[Black "Botor, Michalina"]
[Result "1/2-1/2"]
[WhiteElo "1864"]
[BlackElo "1819"]
[PlyCount "109"]
[EventDate "2008.03.29"]
[EventType "swiss"]
[EventRounds "11"]
[EventCountry "POL"]
[SourceTitle "CBM 123 Extra"]
[Source "ChessBase"]
[SourceDate "2008.05.06"]
[SourceVersion "1"]
[SourceVersionDate "2008.05.06"]
[SourceQuality "1"]

1. e4 e6 2. d4 d5 3. Nd2 Nf6 4. e5 Nfd7 5. Bd3 c5 6. c3 Nc6 7. Ne2 cxd4 8. cxd4 Qb6 9. Qb3 Be7 10. Qxb6 Nxb6 11. f4 Bd7 12. 0-0 Rc8 13. Nf3 Nb4 14. Bb1 Bb5 15. Kf2 Nc2 16. Bxc2 Rxc2 17. Nd2 Bb4 18. Rd1 Kd7 19. a3 Bxd2 20. Rxd2 Rxd2 21. Bxd2 Bxe2 22. Kxe2 Rc8 23. Rc1 Rc4 24. Kd3 a6 25. b3 Rxc1 26. Bxc1 Nc8 27. Bd2 Ne7 28. Bb4 Nc6 29. Bd6 b6 30. Kc3 Na7 31. Kd3 Nc6 32. a4 Na5 33. Kc3 f5 34. Bf8 g6 35. h3 Ke8 36. Bd6 Kd7 37. Bb4 Nc6 38. Ba3 Na5 39. Bc1 Ke7 40. Bd2 Kd7 41. Kc2 Nc6 42. Kd3 Ke7 43. Ke3 Kf7 44. Bc3 Kg7 45. Kf3 b5 46. axb5 axb5 47. b4 Ne7 48. Be1 Nc8 49. Bh4 Nb6 50. Be7 Nc4 51. g4 Nd2+ 52. Kg3 Ne4+ 53. Kg2 Nc3 54. Kf3 Ne4 55. g5 1/2-1/2

[Event "POL-ch U18 Girls"]
[Site "Leba"]
[Date "2008.04.01"]
[Round "5"]
[White "Wierzbicka, Wiktoria"]
[Black "Botor, Michalina"]
[Result "1-0"]
[WhiteElo "2008"]
[BlackElo "1819"]
[PlyCount "43"]
[EventDate "2008.03.29"]
[EventType "swiss"]
[EventRounds "11"]
[EventCountry "POL"]
[SourceTitle "CBM 123 Extra"]
[Source "ChessBase"]
[SourceDate "2008.05.06"]
[SourceVersion "1"]
[SourceVersionDate "2008.05.06"]
[SourceQuality "1"]

1. e4 e6 2. d4 d5 3. Nd2 dxe4 4. Nxe4 Bd7 5. Nf3 Bc6 6. Bd3 Nd7 7. 0-0 Ngf6 8. Ng3 Be7 9. Re1 0-0 10. Bd2 b6 11. Qe2 Bb7 12. c4 c5 13. d5 Bxd5 14. cxd5 Nxd5 15. Rad1 Bf6 16. Qe4 g6 17. Bh6 Re8 18. Re2 Qc7 19. Bc4 Nb4 20. Bb5 Rad8 21. a3 Nd5 22. Rxd5 1-0

[Event "POL-ch U18 Girls"]
[Site "Leba"]
[Date "2008.03.31"]
[Round "3"]
[White "Botor, Michalina"]
[Black "Depta, Anna"]
[Result "1/2-1/2"]
[WhiteElo "1819"]
[BlackElo "1882"]
[PlyCount "63"]
[EventDate "2008.03.29"]
[EventType "swiss"]
[EventRounds "11"]
[EventCountry "POL"]
[SourceTitle "CBM 123 Extra"]
[Source "ChessBase"]
[SourceDate "2008.05.06"]
[SourceVersion "1"]
[SourceVersionDate "2008.05.06"]
[SourceQuality "1"]

1. d4 c5 2. c4 e6 3. Nc3 Nf6 4. d5 d6 5. Nf3 Be7 6. g3 0-0 7. Bg2 Na6 8. 0-0 Nc7 9. e4 Rb8 10. a4 a6 11. a5 b5 12. axb6 Rxb6 13. Qc2 Bd7 14. Nd2 e5 15. f4 Ng4 16. Nf3 exf4 17. gxf4 f6 18. h3 Nh6 19. Bd2 Qe8 20. Ne2 Qg6 21. Kh2 Rfb8 22. Bc3 Qh5 23. Ng3 Ng4+ 24. Kg1 Ne3 25. Qe2 Qg6 26. Qxe3 Qxg3 27. Be1 Qg6 28. f5 Qh5 29. Bc3 Bf8 30. Qf4 Qh6 31. Qxh6 gxh6 32. Nh2 1/2-1/2

[Event "POL-ch U18 Girls"]
[Site "Leba"]
[Date "2008.03.29"]
[Round "1"]
[White "Botor, Michalina"]
[Black "Golek, Jagoda"]
[Result "0-1"]
[WhiteElo "1819"]
[BlackElo "2044"]
[PlyCount "81"]
[EventDate "2008.03.29"]
[EventType "swiss"]
[EventRounds "11"]
[EventCountry "POL"]
[SourceTitle "CBM 123 Extra"]
[Source "ChessBase"]
[SourceDate "2008.05.06"]
[SourceVersion "1"]
[SourceVersionDate "2008.05.06"]
[SourceQuality "1"]

1. c4 e6 2. Nc3 d5 3. cxd5 exd5 4. d4 c6 5. Bf4 Nf6 6. e3 Bd6 7. Bg3 Bf5 8. Bd3 Bg6 9. Nf3 Qe7 10. Rc1 Nbd7 11. Nh4 0-0 12. Nf5 Bxf5 13. Bxf5 Rfe8 14. Bh4 Nf8 15. Qc2 Ng6 16. Bg3 Nh5 17. a3 Rad8 18. Ne2 Nf6 19. Bxd6 Qxd6 20. Ng3 Nf8 21. 0-0 g6 22. Bh3 N8d7 23. Rfd1 Nb6 24. Nf1 Ne4 25. g3 Qf6 26. Bg2 h5 27. a4 Nc8 28. Bxe4 Rxe4 29. Nd2 Re7 30. Qc5 h4 31. b4 h3 32. b5 Re6 33. bxc6 bxc6 34. Rb1 Nd6 35. Qxa7 Ne4 36. Nxe4 Qf3 37. Kf1 Rxe4 38. Re1 Rde8 39. Rb8 Qg2+ 40. Ke2 Qxh2 41. Rb3 0-1

[Event "POL-chT3 U19 Slaska"]
[Site "Slask"]
[Date "2007.05.20"]
[Round "10.5"]
[White "Botor, Michalina"]
[Black "Herok, Katarzyna"]
[Result "1-0"]
[WhiteElo "1828"]
[BlackElo "1400"]
[PlyCount "51"]
[EventDate "2007.01.27"]
[EventType "team-tourn"]
[EventRounds "11"]
[EventCountry "POL"]
[SourceTitle "EXT 2019"]
[Source "ChessBase"]
[SourceDate "2018.10.10"]
[SourceVersion "1"]
[SourceVersionDate "2018.10.10"]
[SourceQuality "1"]
[WhiteTeam "Mikolow AKS U19"]
[BlackTeam "Pszczyna PSSz U19"]
[WhiteTeamCountry "POL"]
[BlackTeamCountry "POL"]

1. c4 e5 2. Nc3 Nf6 3. g3 Bc5 4. e3 Nc6 5. Bg2 0-0 6. Nge2 Re8 7. 0-0 d6 8. a3 Be6 9. d3 Qc8 10. b4 Bb6 11. b5 Ne7 12. e4 c5 13. Bg5 Nd7 14. a4 Bd8 15. Qd2 b6 16. Be3 Ng6 17. f4 f5 18. exf5 Bxf5 19. fxe5 Rb8 20. Rxf5 Ndxe5 21. Bd5+ Kh8 22. Raf1 Be7 23. Bf7 Rf8 24. Bxg6 Nxg6 25. Rxf8+ Bxf8 26. Nf4 1-0

[Event "POL-ch U18 Girls"]
[Site "Leba"]
[Date "2007.03.29"]
[Round "8"]
[White "Staniszewska, Adrianna"]
[Black "Botor, Michalina"]
[Result "0-1"]
[WhiteElo "1743"]
[BlackElo "1828"]
[PlyCount "76"]
[EventDate "2007.03.24"]
[EventType "swiss"]
[EventRounds "11"]
[EventCountry "POL"]
[SourceTitle "EXT 2011"]
[Source "ChessBase"]
[SourceDate "2010.11.26"]
[SourceVersion "1"]
[SourceVersionDate "2010.11.26"]
[SourceQuality "1"]

1. e4 e6 2. d4 d5 3. Nd2 dxe4 4. Nxe4 Bd7 5. Nf3 Bc6 6. Bd3 Nf6 7. Ng3 Be7 8. 0-0 0-0 9. Qe2 Nbd7 10. Ne5 Nxe5 11. dxe5 Ne8 12. Be3 Qd5 13. f4 Bc5 14. Bxc5 Qxc5+ 15. Kh1 g6 16. Rad1 Ng7 17. Ne4 Bxe4 18. Bxe4 Qb6 19. c3 Rad8 20. Rxd8 Rxd8 21. g4 c6 22. f5 Qc5 23. f6 Ne8 24. Bf3 Kf8 25. h4 Kg8 26. h5 a6 27. hxg6 hxg6 28. g5 Qb5 29. c4 Qc5 30. Bg4 Rd7 31. Qc2 Qxe5 32. Qf2 Qe4+ 33. Bf3 Qxc4 34. Kg2 Qf4 35. Re1 Qxg5+ 36. Kh1 Rd2 37. Be2 Qxf6 38. Qe3 Qh4+ 0-1

[Event "POL-ch U18 Girls"]
[Site "Leba"]
[Date "2007.03.28"]
[Round "7"]
[White "Botor, Michalina"]
[Black "Bukwa, Karolina"]
[Result "1/2-1/2"]
[WhiteElo "1828"]
[BlackElo "1880"]
[PlyCount "69"]
[EventDate "2007.03.24"]
[EventType "swiss"]
[EventRounds "11"]
[EventCountry "POL"]
[SourceTitle "EXT 2011"]
[Source "ChessBase"]
[SourceDate "2010.11.26"]
[SourceVersion "1"]
[SourceVersionDate "2010.11.26"]
[SourceQuality "1"]

1. c4 c5 2. Nc3 Nf6 3. g3 e6 4. Bg2 d5 5. cxd5 exd5 6. d4 c4 7. Bg5 Be6 8. Bxf6 gxf6 9. Qa4+ Bd7 10. Qc2 Be6 11. e3 Nc6 12. a3 Rc8 13. Nge2 Qd7 14. Nf4 Ne7 15. Qe2 Bg4 16. Ncxd5 Nxd5 17. Nxd5 Be7 18. Bf3 Be6 19. Nxe7 Kxe7 20. Rc1 b5 21. Qd2 Rhd8 22. 0-0 Bh3 23. Bg2 a6 24. Qe2 Rg8 25. Qf3 Rg6 26. Qb7 Bxg2 27. Qxd7+ Kxd7 28. Kxg2 f5 29. Kf3 Rgc6 30. Rfd1 R6c7 31. Rc2 a5 32. Rdc1 b4 33. axb4 axb4 34. Kf4 Ke6 35. h4 1/2-1/2

[Event "POL-chT3 Liga Slaska"]
[Site "Poland"]
[Date "2007.03.18"]
[Round "5"]
[White "Botor, Michalina"]
[Black "Krajewska, Katarzyna"]
[Result "0-1"]
[WhiteElo "1828"]
[BlackElo "1989"]
[PlyCount "90"]
[EventDate "2007.01.28"]
[EventType "team-swiss"]
[EventRounds "9"]
[EventCountry "POL"]
[SourceTitle "EXT 2011"]
[Source "ChessBase"]
[SourceDate "2010.11.26"]
[SourceVersion "1"]
[SourceVersionDate "2010.11.26"]
[SourceQuality "1"]
[WhiteTeam "Mikolow AKS"]
[BlackTeam "Dabrowa Gornicza Zaglebie"]
[WhiteTeamCountry "POL"]
[BlackTeamCountry "POL"]

1. c4 c5 2. Nc3 Nc6 3. g3 g6 4. Bg2 Bg7 5. d3 Nf6 6. e4 d6 7. Nge2 0-0 8. 0-0 a6 9. Rb1 Rb8 10. a4 Ne8 11. Be3 Nc7 12. Qd2 Be6 13. h3 Qd7 14. Kh2 b5 15. axb5 axb5 16. b3 Nd4 17. f4 f5 18. Nd5 Nxe2 19. Qxe2 Nxd5 20. exd5 Bf7 21. Bf2 Rb7 22. Rfc1 Rfb8 23. Qc2 bxc4 24. bxc4 Rb2 25. Rxb2 Rxb2 26. Qd1 Rxf2 27. Kg1 Bd4 28. Kh1 Qb7 29. Rb1 Qa7 30. Rc1 Qa2 31. Qg1 Rxf4 32. Qd1 Rf2 33. Qg1 Qb2 34. Rd1 Qc2 35. Re1 Re2 36. Rxe2 Qxe2 37. Qb1 Qf2 38. Qc1 Qxg3 39. Qd1 Qe3 40. Qf1 Kg7 41. Qd1 Kf6 42. Qf1 g5 43. Qd1 h5 44. Qf1 g4 45. hxg4 hxg4 0-1

[Event "POL-ch U16 Girls"]
[Site "Leba"]
[Date "2006.03.28"]
[Round "5"]
[White "Botor, Michalina"]
[Black "Horoch, Justyna"]
[Result "1/2-1/2"]
[WhiteElo "1826"]
[BlackElo "1600"]
[PlyCount "106"]
[EventDate "2006.03.25"]
[EventType "swiss"]
[EventRounds "11"]
[EventCountry "POL"]
[SourceTitle "CBM 111 Extra"]
[Source "ChessBase"]
[SourceDate "2006.05.09"]
[SourceVersion "1"]
[SourceVersionDate "2006.05.09"]
[SourceQuality "1"]

1. c4 e5 2. Nc3 Bb4 3. g3 Bxc3 4. bxc3 Nc6 5. Bg2 d6 6. d3 f5 7. Rb1 Nf6 8. Nf3 Rb8 9. Ng5 Bd7 10. Qb3 h6 11. Nf3 Na5 12. Qc2 c5 13. 0-0 b6 14. Ne1 Bc6 15. Bxc6+ Nxc6 16. Qa4 Qd7 17. Nf3 Na5 18. Qb5 0-0 19. Qxd7 Nxd7 20. Kg2 Kh7 21. Bb2 Rbe8 22. Rfe1 e4 23. Nd2 e3 24. fxe3 Rxe3 25. Bc1 Rfe8 26. Kf2 Nf6 27. h3 R3e6 28. Nb3 Nc6 29. Bd2 Ne5 30. a4 g5 31. a5 Nfd7 32. axb6 Nxb6 33. Ra1 Ra8 34. Ra6 Nc6 35. Rea1 Rae8 36. Re1 R8e7 37. Na1 Nb8 38. Ra2 Rf7 39. Rf1 f4 40. Ke1 Ref6 41. gxf4 gxf4 42. Nb3 Nc6 43. Nc1 Ne5 44. Kd1 f3 45. exf3 Rxf3 46. Rxf3 Nxf3 47. Be3 Ng5 48. Bxg5 hxg5 49. Ke2 Kh6 50. Nb3 Kh5 51. Nd2 Kh4 52. Ne4 Re7 53. Kf3 Rf7+ 1/2-1/2

[Event "POL-chT 2nd League"]
[Site "Wysowa"]
[Date "2005.09.01"]
[Round "6.90"]
[White "Botor, Michalina"]
[Black "Kozlowska, Marzena"]
[Result "0-1"]
[WhiteElo "1886"]
[BlackElo "1898"]
[PlyCount "78"]
[EventDate "2005.08.27"]
[EventType "team-swiss"]
[EventRounds "9"]
[EventCountry "POL"]
[SourceTitle "EXT 2019"]
[Source "ChessBase"]
[SourceDate "2018.10.10"]
[SourceVersion "1"]
[SourceVersionDate "2018.10.10"]
[SourceQuality "1"]
[WhiteTeam "Mikolow AKS"]
[BlackTeam "Srem LKS Piast"]
[WhiteTeamCountry "POL"]
[BlackTeamCountry "POL"]

1. c4 e5 2. Nc3 Nf6 3. g3 d5 4. cxd5 Nxd5 5. Bg2 Nb6 6. d3 Be7 7. Nf3 Nc6 8. 0-0 0-0 9. a3 a5 10. Bd2 Be6 11. Rb1 a4 12. Be3 Bb3 13. Qd2 f5 14. Ne1 Bd6 15. Nb5 f4 16. Nxd6 fxe3 17. Qxe3 Qxd6 18. Rc1 Bd5 19. Nf3 Rae8 20. Nh4 Bxg2 21. Kxg2 Nd4 22. Kg1 Nd5 23. Qe4 c6 24. Rce1 Nf6 25. Qe3 Nc2 26. Qg5 Nxe1 27. Rxe1 Nd5 28. e4 Nc7 29. Nf5 Qf6 30. Qe3 Ne6 31. Nd6 Rd8 32. Nc4 Nd4 33. Rf1 Nf3+ 34. Kg2 Qf7 35. Rc1 Qh5 36. Rh1 Rf6 37. Nb6 Ng5 38. Qd2 Qh3+ 39. Kg1 Nf3# 0-1